1346 1468 1638 1447 1101 1403 1224 1801 1145 1233 1374 1694 1381 1939 1844 1015 1870 1941 1060 1612 1602 1008 1199 1764 1209 1434 1177 1453 1888 1788 1887 1921 1287 1263 1249 1509 1889 1678 1326 1433 1439 1118 1995 1174 1963 1614 1765 1606 1396 1401 1743 1497 1427 1721 1616 1288 1020 1671 1978 1898 1806 1790 1045 1624 1264 1086 1935 1640 1758 1116 1514 1428 1811 1550 1944 1729 1960 1321 1915 1447 1971 1186 1116 1267 1186 1248 1788 1235 1775 1387 1233 1468 1634 1198 1735 1728 1178 1610 1741 BCNSPRNW ULIB Ver.6.0+V

เปลี่ยนเป็นภาษาไทย

Change to English
 แสดงรายละเอียดบรรณานุกรม
  กลับหน้าหลัก

Brief Record : Get Marc (ISO 2709) : E-mail record : QR code < ปิดหน้าต่าง
LEADER : 00000nam 2200000uu 4500
001    13399124593
003     ULIB
008    151014s2015||||th 000 0 tha d
020    ^a9781259253973
060  4 ^aWY26.5^bS111E
100 1  ^aSaba,Virginia K.
245    ^aESSENTIALS OF NURSING INFORMATICS./^cVirginia K. Saba,Kathleen Ann McCormick
250    ^a6th ed
260    ^a New York:^bMcgraw Hill,^c2015
300    ^a886 pages;^b23 cm
650    ^aNursing information.
650    ^aNursing informatics
700    ^aKathleen Ann McCormick.
945    ^p0^l0^i000094
945    ^p0^l0^i000095
945    ^p0^l0^i000096
999    ^aเกษร โพธิ์สุวรรณ
รายการนี้ยังไม่มีแท็ก
คุณยังไม่ได้ล็อกอิน คุณสามารถมีกิจกรรมร่วมกับเว็บไซต์ได้ แต่ต้องล็อกอินก่อน ::
  ล็อกอิน

รายการสื่อสารสนเทศ

ลำดับที่ ประเภท เลขเรียก/บาร์โค้ด สถานที่ สถานะ
1. Book การพยาบาล
Book การพยาบาล
WY26.5 S111E ฉ.1 
  Barcode: 000094
ห้องสมุดวิทยาเขตสวรรค์ประชารักษ์
►หนังสือทั่วไป
บนชั้น
2. Book การพยาบาล
Book การพยาบาล
WY26.5 S111E ฉ.2 
  Barcode: 000095
ห้องสมุดวิทยาเขตสวรรค์ประชารักษ์
►หนังสือทั่วไป
บนชั้น
3. Book การพยาบาล
Book การพยาบาล
WY26.5 S111E ฉ.3 
  Barcode: 000096
ห้องสมุดวิทยาเขตสวรรค์ประชารักษ์
►หนังสือทั่วไป
บนชั้น

รายการใกล้เคียง
    หัวเรื่อง [Nursing information.]

BibComment


ยังไม่เคยถูกคอมเมนท์

คอมเมนท์ทรัพยากรรายการนี้
  คอมเมนท์: ESSENTIALS OF NU..


 Copyright 2026. Bcnsprnw @Library